| 000 | 00925nam a2200265 a 4500 | ||
|---|---|---|---|
| 003 | CO-ViMGA | ||
| 005 | 20230915233128.0 | ||
| 008 | 150714s2015 ck a gr 0001j spa d | ||
| 020 | _a9789585910362 | ||
| 040 |
_aCO-ViMGA _bspa _cCO-ViMGA |
||
| 090 | _aA ORTD | ||
| 100 | 1 | 0 |
_aOrtiz, Estrella _923211 |
| 245 | 1 | 0 |
_aDe paseo _ctexto Estrella Ortiz ; ilustraciones Paloma Valdivia |
| 250 | _aEdicin̤ especial para El Ministerio de Cultura | ||
| 260 |
_aBogotá _bEdiciones Babel _c2015 |
||
| 300 |
_a[11] pg̀inas _bilustraciones _c16 cm |
||
| 490 | _aLeer es mi cuento | ||
| 650 | 1 | 4 |
_aAlbumes infantiles chilenos _2LEMB _923179 |
| 650 | 1 | 4 |
_aAnimales en la literatura _2LEMB _91294 |
| 650 | 1 | 4 |
_aLibros ilustrados para niños _2LEMB _987 |
| 650 | 1 | 4 |
_aLiteratura infantil chilena _2LEMB _9510 |
| 650 | 1 | 4 |
_aVacaciones en la literatura _2LEMB _96379 |
| 700 | 1 | 0 |
_aValdivia, Paloma _eilustrador _925722 |
| 942 |
_2ddc _cBK |
||
| 999 |
_c3977 _d3977 |
||